000 00800nam a22001817a 4500
005 20090620161346.0
008 090620t xxu||||| |||| 00| 0 eng d
245 _aJournal
_bThe Bridge and structural engineer
260 _aNew Delhi
_bIndian National Group of the International Association for Bridge and Structural Engineering
_c2008-
300 _av.
_c28 cm
310 _aBimonthly
650 _aBridge engineering
650 _aStructural engineering
710 _aIndian National Group of the International Association for Bridge and Structural Engineering
270 _aIDA Building, Jamnagar House, Shahjahan Road
_bNew Delhi
_e110011
_k23386724
_mingiabse@nde.vsnl.net.in
942 _2ddc
_cSR
_s1
999 _c27720
_d27720